Представление документа в формате MARC21

Поле Инд. ПП Название Значение
Тип записи a
Библиографический уровень m
001 Контрольный номер f8fb63cc0bca454c9975c5fbbfc1cc39
005 Дата корректировки 20260522134636.2
040 a Служба первич. каталог. 10013504
b Код языка каталог. rus
e Правила каталог. PSBO
041 0_ a Код языка текста rus
090 a Полочн. индекс Дис.
x Авторский знак Ш 23
r Идентификатор организации 10013504
100 1_ a Автор Шапиро Е.А.
245 10 a Заглавие Износ калибров
b Продолж. заглавия диссертация ... кандидата технических наук
c Ответственность науч. рук. И.Е. Городецкий ; МАТИ
260 a Место издания Москва
c Дата издания 1946
300 a Объем 88 с.
b Иллюстрации/ тип воспроизводства ил.
504 a Библиография Библиогр.: с. 83-88 (86 назв.)
653 0_ a Ключевые слова ДИССЕРТАЦИИ; КАЛИБРЫ; ИЗНОС
700 12 a Другие авторы Городецкий И.Е.
e Роль лиц Научный руководитель
901 t Тип документа d
952 a Тип литературы для КСУ ВШ КДНР
c Вид литературы диссертация